000
00321nam a2200133Ia 4500
008
140626s9999 xx 000 0 und d
100
_a
Woodward, Nancy
245
_a
Seeking Transparancy /
_c
Nancy Woodward.
260
_c
c2012.
300
_a
57 : 9, page 39
440
_a
HR Magazine
521
_a
BSBA
942
_c
SE
999
_c
121477
_d
121477